Symbols Representing Religions - Statistics

General Stats
  • This quiz has been taken 43 times
  • The average score is 9 of 16
Answer Stats
Picture Hint Answer % Correct
Basic Latin Cross Christianity
100%
Star of David Judaism
97%
Star and Crescent Islam
92%
Om Hindu
84%
Yin and Yang Taoism
78%
Wheel of Dharma Buddhism
76%
Torii Shinto
76%
The Sigil of Baphomet Satanism
68%
Khanda Sikh
59%
Eye of Horus Kemetism
49%
Prateek Chihna Jainism
46%
Nine-pointed star Baha'i
41%
Angel Moroni Mormon
32%
Triskelion Druidism
11%
Flaming Chalice Unitarian Universalism
5%
Cakra Bhawana Javanism
0%
No matching quizzes found
Score Distribution
Percent of People with Each Score
Percentile by Number Answered
Your Score History
You have not taken this quiz